[Event "European Rapid Championship 2021"]
[Site "Katowice"]
[Date "2021.12.19"]
[Round "8.27"]
[White "Wiewiora, Eneasz"]
[Black "Dzhuguryan, Tygran"]
[Result "1/2-1/2"]
[WhiteElo "2333"]
[BlackElo "2047"]
[Annotator "ChessBase"]
[PlyCount "180"]
[EventDate "2021.12.18"]
[EventType "swiss"]
[EventCountry "POL"]
[SourceTitle "playchess.com"]
[Source "ChessBase"]
[SourceQuality "1"]
[TimeControl "900+10"]

1. e4 {[%emt 0:00:02]} c6 {[%emt 0:00:01]} 2. c4 {[%emt 0:00:10]} d5 {[%emt 0:
00:06]} 3. exd5 {[%emt 0:00:02]} cxd5 {[%emt 0:00:02]} 4. d4 {[%emt 0:00:01]}
Nf6 {[%emt 0:00:02]} 5. Nc3 {[%emt 0:00:01]} e6 {[%emt 0:00:03]} 6. Nf3 {
[%emt 0:00:01]} Bb4 {[%emt 0:00:02]} 7. Bd3 {[%emt 0:00:18]} dxc4 {[%emt 0:00:
22]} 8. Bxc4 {[%emt 0:00:02]} Bxc3+ {[%emt 0:00:06]} 9. bxc3 {[%emt 0:00:01]}
Qc7 {[%emt 0:00:06]} 10. Qe2 {[%emt 0:00:48]} O-O {[%emt 0:00:03]} 11. O-O {
[%emt 0:00:08]} Nbd7 {[%emt 0:00:47]} 12. Bd2 {[%emt 0:07:50]} b6 {[%emt 0:01:
02]} 13. Bd3 {[%emt 0:00:03]} Bb7 {[%emt 0:00:03]} 14. h3 {[%emt 0:00:00]} Rfe8
{[%emt 0:00:24]} 15. Rfe1 {[%emt 0:00:51]} Nf8 {[%emt 0:01:19]} 16. Ne5 Ng6 {
[%emt 0:00:03]} 17. Nxg6 {[%emt 0:00:36]} hxg6 {[%emt 0:00:46]} 18. c4 {
[%emt 0:00:29]} Qc6 {[%emt 0:00:27]} 19. f3 {[%emt 0:00:44]} Qd6 {[%emt 0:05:
01]} 20. Be3 {[%emt 0:00:08]} Ba6 {[%emt 0:00:25]} 21. Qf2 {[%emt 0:00:26]} Qa3
{[%emt 0:00:11]} 22. Bf1 {[%emt 0:01:18]} Rac8 {[%emt 0:01:52]} 23. Rec1 {
[%emt 0:00:22]} Qa4 24. Qc2 {[%emt 0:00:01]} Qxc2 {[%emt 0:00:58]} 25. Rxc2 Rc6
26. Rac1 {[%emt 0:03:17]} Rec8 {[%emt 0:00:28]} 27. a4 {[%emt 0:00:52]} Kf8 {
[%emt 0:01:33]} 28. a5 {[%emt 0:00:19]} b5 {[%emt 0:00:33]} 29. c5 {[%emt 0:00:
42]} Nd5 {[%emt 0:00:14]} 30. Bd2 {[%emt 0:00:08]} b4 {[%emt 0:00:05]} 31. Rb1
{[%emt 0:00:19]} Bxf1 {[%emt 0:01:06]} 32. Kxf1 {[%emt 0:00:01]} e5 {[%emt 0:
00:49]} 33. dxe5 {[%emt 0:00:01]} Rxc5 {[%emt 0:00:08]} 34. Rxc5 {[%emt 0:00:
22]} Rxc5 35. Rxb4 {[%emt 0:00:01]} Rc2 {[%emt 0:01:34]} 36. Rb8+ Ke7 {[%emt 0:
00:01]} 37. Ke2 {[%emt 0:00:12]} Ke6 {[%emt 0:00:01]} 38. Re8+ {[%emt 0:00:04]}
Kd7 {[%emt 0:00:02]} 39. Ra8 Rc7 40. Kd3 {[%emt 0:00:23]} Kc6 {[%emt 0:00:11]}
41. Rg8 Rd7 {[%emt 0:00:11]} 42. Ke2 {[%emt 0:00:37]} Nc7 {[%emt 0:00:09]} 43.
Rxg7 {[%emt 0:00:16]} a6 44. Rg8 Kd5 {[%emt 0:00:04]} 45. f4 {[%emt 0:00:26]}
Ke4 {[%emt 0:00:05]} 46. Rc8 {[%emt 0:00:05]} Ne6 {[%emt 0:00:05]} 47. Ke1 {
[%emt 0:00:12]} Nd4 {[%emt 0:00:00]} 48. Rc4 {[%emt 0:00:02]} Kd5 49. Rc8 {
[%emt 0:00:02]} Ke4 {[%emt 0:00:00]} 50. Ra8 {[%emt 0:00:33]} Rb7 {[%emt 0:00:
00]} 51. Bc3 {[%emt 0:00:08]} Nb5 {[%emt 0:00:12]} 52. Bd2 {[%emt 0:00:13]} Nd4
{[%emt 0:00:02]} 53. Bc3 {[%emt 0:00:01]} Nb5 54. Bb4 {[%emt 0:00:06]} Nd4 {
[%emt 0:00:04]} 55. Bc5 {[%emt 0:00:17]} Rb1+ {[%emt 0:00:15]} 56. Kd2 {
[%emt 0:00:15]} Rb2+ {[%emt 0:00:05]} 57. Ke1 {[%emt 0:00:13]} Ne6 {[%emt 0:00:
05]} 58. Bb6 {[%emt 0:00:06]} Nxf4 {[%emt 0:00:09]} 59. Rxa6 {[%emt 0:00:08]}
Nxg2+ {[%emt 0:00:05]} 60. Kd1 {[%emt 0:00:04]} Kd3 61. Kc1 {[%emt 0:00:04]}
Rb5 {[%emt 0:00:26]} 62. Ra7 {[%emt 0:00:07]} Nf4 {[%emt 0:00:00]} 63. Rd7+ Nd5
{[%emt 0:00:04]} 64. a6 {[%emt 0:00:38]} Kc3 {[%emt 0:00:02]} 65. Rxd5 {
[%emt 0:00:02]} Rxd5 {[%emt 0:00:31]} 66. a7 {[%emt 0:00:14]} Rxe5 {[%emt 0:00:
02]} 67. Bd4+ {[%emt 0:00:10]} Kxd4 {[%emt 0:00:10]} 68. a8=Q {[%emt 0:00:01]}
Rf5 {[%emt 0:00:00]} 69. Qe8 Kd3 70. Kb2 {[%emt 0:00:23]} Kd4 {[%emt 0:00:12]}
71. Kb3 {[%emt 0:00:00]} Rf3+ {[%emt 0:00:10]} 72. Kb4 Rf5 73. Qe7 {[%emt 0:00:
19]} Kd3 {[%emt 0:00:06]} 74. Ka4 {[%emt 0:00:25]} Kd4 {[%emt 0:00:05]} 75. Kb3
{[%emt 0:00:02]} Kd5 {[%emt 0:00:06]} 76. Kc3 {[%emt 0:00:04]} Rf3+ {[%emt 0:
00:05]} 77. Kd2 {[%emt 0:00:02]} Rf5 {[%emt 0:00:02]} 78. Kd3 {[%emt 0:00:09]}
Rf3+ {[%emt 0:00:11]} 79. Kc2 {[%emt 0:00:01]} Rf5 {[%emt 0:00:01]} 80. Kc3 {
[%emt 0:00:02]} Rf3+ {[%emt 0:00:02]} 81. Kb4 {[%emt 0:00:01]} Rf4+ {[%emt 0:
00:02]} 82. Kb5 {[%emt 0:00:07]} Rf5 {[%emt 0:00:02]} 83. Kb6 {[%emt 0:00:03]}
Kd4 {[%emt 0:00:22]} 84. Kc6 {[%emt 0:00:11]} Kd3 {[%emt 0:00:14]} 85. Kd7 {
[%emt 0:00:11]} Kd4 {[%emt 0:00:02]} 86. Ke8 {[%emt 0:00:02]} Re5 {[%emt 0:00:
09]} 87. Qxe5+ {[%emt 0:00:22]} Kxe5 {[%emt 0:00:02]} 88. Kxf7 Kf5 89. h4 {
[%emt 0:00:04]} Kg4 {[%emt 0:00:06]} 90. Kxg6 {[%emt 0:00:02]} Kxh4 {[%emt 0:
00:02]} 1/2-1/2

[Event "European Rapid Championship 2021"]
[Site "Katowice"]
[Date "2021.12.19"]
[Round "8.27"]
[White "Rudnicki, Milosz"]
[Black "Pozimski, Szymon"]
[Result "1/2-1/2"]
[WhiteElo "2200"]
[BlackElo "1911"]
[Annotator "NA"]
[PlyCount "56"]
[EventDate "2021.12.18"]
[EventType "swiss"]
[EventCountry "POL"]
[SourceTitle "playchess.com"]
[Source "ChessBase"]
[SourceQuality "1"]
[TimeControl "900+10"]

1. d4 {[%emt 0:00:14]} d5 {[%emt 0:00:01]} 2. Bf4 {[%emt 0:00:03]} Nf6 {
[%emt 0:00:01]} 3. e3 {[%emt 0:00:02]} c6 {[%emt 0:00:02]} 4. c3 {[%emt 0:00:
11]} Qb6 {[%emt 0:00:01]} 5. Qb3 {[%emt 0:00:34]} Bf5 {[%emt 0:00:05]} 6. Nd2 {
[%emt 0:00:55]} e6 {[%emt 0:00:05]} 7. Ngf3 {[%emt 0:00:36]} Nbd7 {[%emt 0:00:
04]} 8. Nh4 {[%emt 0:00:34]} Bg6 {[%emt 0:00:01]} 9. Nxg6 {[%emt 0:00:18]} hxg6
{[%emt 0:00:02]} 10. h3 {[%emt 0:00:33]} Be7 {[%emt 0:01:03]} 11. Bd3 {[%emt 0:
00:13]} O-O {[%emt 0:01:25]} 12. O-O {[%emt 0:00:18]} Rfc8 {[%emt 0:02:05]} 13.
e4 {[%emt 0:01:47]} dxe4 {[%emt 0:00:04]} 14. Nxe4 {[%emt 0:00:02]} Nxe4 {
[%emt 0:00:02]} 15. Bxe4 {[%emt 0:00:01]} Nf6 {[%emt 0:00:50]} 16. Bf3 {
[%emt 0:00:31]} Qxb3 {[%emt 0:00:05]} 17. axb3 {[%emt 0:00:01]} Rd8 {[%emt 0:
00:08]} 18. b4 {[%emt 0:00:44]} a6 {[%emt 0:00:06]} 19. Rfe1 {[%emt 0:00:40]}
Nd5 {[%emt 0:00:06]} 20. Bg3 {[%emt 0:02:01]} Rac8 {[%emt 0:00:15]} 21. Bxd5 {
[%emt 0:01:14]} Rxd5 {[%emt 0:00:16]} 22. f3 {[%emt 0:02:44]} Bf6 {[%emt 0:00:
20]} 23. Kf2 {[%emt 0:00:18]} Rcd8 {[%emt 0:00:09]} 24. Re4 {[%emt 0:00:32]}
Kf8 {[%emt 0:00:53]} 25. Ke2 {[%emt 0:00:16]} Rg5 {[%emt 0:00:55]} 26. Kf2 {
[%emt 0:00:09]} Rgd5 {[%emt 0:00:01]} 27. Ke2 {[%emt 0:00:01]} Rg5 {[%emt 0:00:
00]} 28. Kf2 {[%emt 0:00:01]} Rgd5 1/2-1/2

[Event "European Rapid Championship 2021"]
[Site "Katowice"]
[Date "2021.12.19"]
[Round "8.28"]
[White "Rigopoulos-Tsigkos, Alexandros"]
[Black "Wieczorek, Oskar"]
[Result "0-1"]
[WhiteElo "2076"]
[BlackElo "2367"]
[Annotator "NA"]
[PlyCount "104"]
[EventDate "2021.12.18"]
[EventType "swiss"]
[EventCountry "POL"]
[SourceTitle "playchess.com"]
[Source "ChessBase"]
[SourceQuality "1"]
[TimeControl "900+10"]

1. e4 {[%emt 0:01:08]} c5 {[%emt 0:00:01]} 2. Nf3 {[%emt 0:00:02]} d6 {[%emt 0:
00:00]} 3. d4 {[%emt 0:00:01]} cxd4 {[%emt 0:00:02]} 4. Qxd4 {[%emt 0:00:02]}
Nc6 {[%emt 0:00:11]} 5. Bb5 {[%emt 0:00:01]} Bd7 {[%emt 0:00:01]} 6. Bxc6 {
[%emt 0:00:02]} Bxc6 {[%emt 0:00:02]} 7. Nc3 {[%emt 0:00:01]} Nf6 {[%emt 0:00:
01]} 8. Bg5 {[%emt 0:00:01]} Qb6 {[%emt 0:00:01]} 9. Bxf6 {[%emt 0:01:42]} gxf6
{[%emt 0:00:05]} 10. Qxb6 {[%emt 0:02:28]} axb6 {[%emt 0:00:03]} 11. Nd4 {
[%emt 0:00:07]} Rg8 {[%emt 0:00:23]} 12. Nxc6 {[%emt 0:00:44]} bxc6 {[%emt 0:
00:03]} 13. g3 {[%emt 0:00:32]} e6 {[%emt 0:00:12]} 14. O-O {[%emt 0:01:37]} h5
{[%emt 0:00:52]} 15. h4 {[%emt 0:00:37]} d5 {[%emt 0:00:59]} 16. exd5 {[%emt 0:
00:17]} cxd5 {[%emt 0:00:02]} 17. Nb5 {[%emt 0:01:27]} Rc8 {[%emt 0:00:06]} 18.
c3 {[%emt 0:00:13]} f5 {[%emt 0:00:17]} 19. Kh2 {[%emt 0:01:03]} f4 {[%emt 0:
00:55]} 20. a4 {[%emt 0:00:22]} Kd7 {[%emt 0:04:29]} 21. a5 {[%emt 0:00:16]}
bxa5 {[%emt 0:00:13]} 22. Rxa5 {[%emt 0:00:01]} Bc5 {[%emt 0:00:01]} 23. Kg2 {
[%emt 0:00:56]} Bb6 {[%emt 0:01:52]} 24. Ra4 {[%emt 0:00:29]} Rc5 {[%emt 0:03:
08]} 25. Nd4 {[%emt 0:01:37]} Bc7 {[%emt 0:01:36]} 26. Ne2 {[%emt 0:00:02]} e5
{[%emt 0:01:59]} 27. Rd1 {[%emt 0:00:06]} Kc6 {[%emt 0:00:30]} 28. Ra6+ {
[%emt 0:00:58]} Bb6 {[%emt 0:00:01]} 29. Kf3 {[%emt 0:01:13]} Kb7 {[%emt 0:00:
26]} 30. Rxb6+ {[%emt 0:00:36]} Kxb6 {[%emt 0:00:11]} 31. gxf4 {[%emt 0:00:06]}
f6 {[%emt 0:00:28]} 32. b4 {[%emt 0:00:43]} Rb5 {[%emt 0:00:09]} 33. Ng3 {
[%emt 0:00:28]} Rc8 {[%emt 0:00:02]} 34. Ne2 {[%emt 0:00:21]} Rc4 {[%emt 0:01:
02]} 35. Rg1 {[%emt 0:00:17]} d4 {[%emt 0:00:04]} 36. cxd4 {[%emt 0:00:05]}
exd4 {[%emt 0:00:02]} 37. Rd1 {[%emt 0:00:12]} Rbxb4 {[%emt 0:00:13]} 38. Ke4 {
[%emt 0:00:11]} Kc5 {[%emt 0:00:02]} 39. Rd3 {[%emt 0:00:05]} Rb2 {[%emt 0:00:
21]} 40. Ng3 {[%emt 0:00:17]} Rxf2 {[%emt 0:00:22]} 41. Kf5 {[%emt 0:00:09]}
Kd5 {[%emt 0:00:14]} 42. Nxh5 {[%emt 0:00:04]} Rc3 {[%emt 0:00:03]} 43. Nxf6+ {
[%emt 0:00:02]} Kc4 {[%emt 0:00:01]} 44. Rd1 {[%emt 0:00:36]} Rcf3 {[%emt 0:00:
01]} 45. Rc1+ {[%emt 0:00:04]} Kb3 {[%emt 0:00:06]} 46. Nd5 {[%emt 0:00:11]} d3
{[%emt 0:00:03]} 47. Ke4 {[%emt 0:00:06]} d2 {[%emt 0:00:02]} 48. Ra1 {[%emt 0:
00:10]} Rf1 {[%emt 0:00:26]} 49. Rxf1 {[%emt 0:00:09]} Rxf1 {[%emt 0:00:02]}
50. Ne3 {[%emt 0:00:01]} Re1 {[%emt 0:00:02]} 51. Kd3 {[%emt 0:00:02]} Rxe3+ {
[%emt 0:00:03]} 52. Kxd2 {[%emt 0:00:01]} Rf3 {[%emt 0:00:10]} 0-1

[Event "European Rapid Championship 2021"]
[Site "Katowice"]
[Date "2021.12.19"]
[Round "8.28"]
[White "Gerasimenyuk, Mikhail"]
[Black "Sanz Wawer, Daniel"]
[Result "0-1"]
[WhiteElo "1984"]
[BlackElo "2371"]
[Annotator "NA"]
[PlyCount "72"]
[EventDate "2021.12.18"]
[EventType "swiss"]
[EventCountry "POL"]
[SourceTitle "playchess.com"]
[Source "ChessBase"]
[SourceQuality "1"]
[TimeControl "900+10"]

1. d4 {[%emt 0:00:01]} Nf6 {[%emt 0:00:03]} 2. Nf3 {[%emt 0:00:02]} e6 {
[%emt 0:00:02]} 3. Bg5 {[%emt 0:00:02]} d5 {[%emt 0:00:05]} 4. e3 {[%emt 0:00:
03]} Be7 {[%emt 0:00:05]} 5. Bd3 {[%emt 0:00:04]} O-O {[%emt 0:00:04]} 6. Nbd2
{[%emt 0:00:03]} Nbd7 {[%emt 0:00:02]} 7. c3 {[%emt 0:00:10]} c5 {[%emt 0:00:
04]} 8. h4 {[%emt 0:00:12]} b6 {[%emt 0:00:05]} 9. g4 {[%emt 0:00:21]} Bb7 {
[%emt 0:00:24]} 10. Qc2 {[%emt 0:00:27]} c4 {[%emt 0:00:26]} 11. Be2 {[%emt 0:
00:13]} b5 {[%emt 0:00:01]} 12. Bxf6 {[%emt 0:00:10]} Nxf6 {[%emt 0:00:05]} 13.
Ne5 {[%emt 0:00:11]} Ne4 {[%emt 0:00:13]} 14. g5 {[%emt 0:00:32]} f6 {[%emt 0:
00:51]} 15. gxf6 {[%emt 0:00:17]} Bxf6 {[%emt 0:00:02]} 16. Nxe4 {[%emt 0:00:
22]} dxe4 {[%emt 0:00:05]} 17. h5 {[%emt 0:01:19]} Bxe5 {[%emt 0:00:31]} 18.
dxe5 {[%emt 0:00:02]} Qd5 {[%emt 0:00:11]} 19. Bg4 {[%emt 0:02:46]} Qxe5 {
[%emt 0:00:06]} 20. O-O-O {[%emt 0:00:11]} Bd5 {[%emt 0:00:06]} 21. Rdg1 {
[%emt 0:00:16]} Rf7 {[%emt 0:00:13]} 22. Rg2 {[%emt 0:00:17]} h6 {[%emt 0:00:
11]} 23. Rhg1 {[%emt 0:00:15]} a5 {[%emt 0:00:02]} 24. Qd2 {[%emt 0:01:13]} b4
{[%emt 0:00:24]} 25. Bd1 {[%emt 0:00:17]} a4 {[%emt 0:01:39]} 26. Qd4 {[%emt 0:
04:36]} Qxd4 {[%emt 0:00:06]} 27. cxd4 {[%emt 0:00:12]} a3 {[%emt 0:00:31]} 28.
b3 {[%emt 0:00:31]} cxb3 {[%emt 0:00:34]} 29. Bxb3 {[%emt 0:00:03]} Bxb3 {
[%emt 0:00:17]} 30. axb3 {[%emt 0:00:01]} Ra5 {[%emt 0:00:02]} 31. Rg6 {
[%emt 0:01:03]} Rxh5 {[%emt 0:00:17]} 32. Rxe6 {[%emt 0:00:17]} Rxf2 {[%emt 0:
00:21]} 33. Re7 {[%emt 0:00:34]} Rg5 {[%emt 0:00:02]} 34. Rxg5 {[%emt 0:03:12]}
hxg5 {[%emt 0:00:01]} 35. Kb1 {[%emt 0:00:00]} g4 {[%emt 0:00:16]} 36. Rxe4 {
[%emt 0:00:08]} g3 {[%emt 0:00:03]} 0-1

[Event "European Rapid Championship 2021"]
[Site "Katowice"]
[Date "2021.12.19"]
[Round "8.29"]
[White "Baum, Jonasz"]
[Black "Kowalczyk, Mariusz"]
[Result "0-1"]
[WhiteElo "2343"]
[BlackElo "2047"]
[Annotator "NA"]
[PlyCount "90"]
[EventDate "2021.12.18"]
[EventType "swiss"]
[EventCountry "POL"]
[SourceTitle "playchess.com"]
[Source "ChessBase"]
[SourceQuality "1"]
[TimeControl "900+10"]

1. d4 {[%emt 0:00:01]} Nf6 {[%emt 0:00:03]} 2. c4 {[%emt 0:00:01]} e6 {[%emt 0:
00:01]} 3. Nf3 {[%emt 0:00:05]} b6 {[%emt 0:00:02]} 4. g3 {[%emt 0:00:09]} Bb7
{[%emt 0:00:01]} 5. Bg2 {[%emt 0:00:03]} g6 {[%emt 0:00:28]} 6. Nc3 {[%emt 0:
00:29]} Ne4 {[%emt 0:00:08]} 7. Nxe4 {[%emt 0:01:00]} Bxe4 {[%emt 0:00:02]} 8.
h4 {[%emt 0:00:27]} Bg7 {[%emt 0:00:14]} 9. Bg5 {[%emt 0:00:29]} Qc8 {[%emt 0:
00:45]} 10. Qd2 {[%emt 0:00:42]} h6 {[%emt 0:03:10]} 11. Bf4 {[%emt 0:00:51]}
Qb7 {[%emt 0:00:51]} 12. Rd1 {[%emt 0:01:24]} d6 {[%emt 0:00:26]} 13. b4 {
[%emt 0:03:27]} Nd7 {[%emt 0:00:38]} 14. O-O {[%emt 0:02:05]} Nf6 {[%emt 0:00:
24]} 15. a4 {[%emt 0:02:30]} Rd8 {[%emt 0:01:35]} 16. a5 {[%emt 0:00:34]} b5 {
[%emt 0:03:30]} 17. Qc1 {[%emt 0:01:47]} bxc4 {[%emt 0:00:07]} 18. Qxc4 {
[%emt 0:00:03]} O-O {[%emt 0:00:30]} 19. Rc1 {[%emt 0:00:09]} Rc8 {[%emt 0:00:
49]} 20. Ne1 {[%emt 0:00:31]} Bd5 {[%emt 0:01:15]} 21. Bxd5 {[%emt 0:00:26]}
Qxd5 {[%emt 0:00:50]} 22. Nd3 {[%emt 0:01:07]} Qf5 {[%emt 0:00:11]} 23. Bd2 {
[%emt 0:00:28]} Ne4 {[%emt 0:00:15]} 24. Be3 {[%emt 0:00:01]} Qg4 {[%emt 0:00:
32]} 25. Nf4 {[%emt 0:00:19]} g5 {[%emt 0:00:59]} 26. hxg5 {[%emt 0:00:02]}
hxg5 {[%emt 0:00:02]} 27. Ng2 {[%emt 0:00:01]} d5 {[%emt 0:00:36]} 28. Qd3 {
[%emt 0:00:21]} Qh3 {[%emt 0:00:05]} 29. Bd2 {[%emt 0:00:17]} Bf6 {[%emt 0:00:
14]} 30. f4 {[%emt 0:00:09]} g4 {[%emt 0:00:09]} 31. f5 {[%emt 0:00:06]} Nxg3 {
[%emt 0:00:47]} 32. Rf4 {[%emt 0:00:05]} Bg5 {[%emt 0:00:17]} 33. Kf2 {[%emt 0:
00:20]} Bxf4 {[%emt 0:00:09]} 34. Bxf4 {[%emt 0:00:01]} Ne4+ {[%emt 0:00:01]}
35. Kg1 {[%emt 0:00:04]} exf5 {[%emt 0:00:02]} 36. Qb5 {[%emt 0:00:24]} g3 {
[%emt 0:00:06]} 37. Be3 {[%emt 0:00:09]} Qh2+ {[%emt 0:00:05]} 38. Kf1 {
[%emt 0:00:00]} Qh1+ {[%emt 0:00:03]} 39. Bg1 {[%emt 0:00:02]} Nd2+ {[%emt 0:
00:03]} 40. Ke1 {[%emt 0:00:00]} Qxg1+ {[%emt 0:00:05]} 41. Kxd2 {[%emt 0:00:
01]} Qxg2 {[%emt 0:00:02]} 42. Re1 {[%emt 0:00:36]} Rfe8 {[%emt 0:00:11]} 43.
Qd3 {[%emt 0:00:02]} Re4 {[%emt 0:00:22]} 44. Kc3 {[%emt 0:00:01]} Rce8 {
[%emt 0:00:02]} 45. e3 {[%emt 0:00:02]} Qf2 {[%emt 0:00:22]} 0-1

[Event "European Rapid Championship 2021"]
[Site "Katowice"]
[Date "2021.12.19"]
[Round "8.29"]
[White "Rudzinska, Michalina"]
[Black "Mikhaletz, Lubomir"]
[Result "1-0"]
[WhiteElo "1962"]
[BlackElo "2166"]
[Annotator "NA"]
[PlyCount "73"]
[EventDate "2021.12.18"]
[EventType "swiss"]
[EventCountry "POL"]
[SourceTitle "playchess.com"]
[Source "ChessBase"]
[SourceQuality "1"]
[TimeControl "900+10"]

1. Nf3 {[%emt 0:00:02]} d5 {[%emt 0:00:04]} 2. b3 {[%emt 0:00:02]} Bf5 {
[%emt 0:00:25]} 3. Bb2 {[%emt 0:00:04]} Nc6 {[%emt 0:00:12]} 4. e3 {[%emt 0:00:
14]} Nf6 {[%emt 0:00:29]} 5. d4 {[%emt 0:00:46]} e6 {[%emt 0:00:59]} 6. a3 {
[%emt 0:00:13]} Be7 {[%emt 0:00:46]} 7. Bd3 {[%emt 0:00:08]} Bxd3 {[%emt 0:00:
22]} 8. Qxd3 {[%emt 0:00:03]} Ne4 {[%emt 0:00:04]} 9. Nbd2 {[%emt 0:00:29]} f5
{[%emt 0:00:04]} 10. Ne5 {[%emt 0:00:24]} Nxe5 {[%emt 0:00:51]} 11. dxe5 {
[%emt 0:00:03]} O-O {[%emt 0:00:15]} 12. O-O {[%emt 0:00:23]} c6 {[%emt 0:01:
13]} 13. f3 {[%emt 0:00:45]} Ng5 {[%emt 0:02:20]} 14. b4 {[%emt 0:02:10]} a5 {
[%emt 0:02:02]} 15. c3 {[%emt 0:01:10]} a4 {[%emt 0:01:16]} 16. c4 {[%emt 0:01:
35]} Qd7 {[%emt 0:04:49]} 17. Rad1 {[%emt 0:00:43]} b5 {[%emt 0:00:18]} 18.
cxb5 {[%emt 0:00:23]} cxb5 {[%emt 0:00:01]} 19. f4 {[%emt 0:00:09]} Nf7 {
[%emt 0:00:05]} 20. Nf3 {[%emt 0:00:11]} Rfc8 {[%emt 0:00:05]} 21. Nd4 {
[%emt 0:00:06]} Rc4 {[%emt 0:00:06]} 22. Kh1 {[%emt 0:01:15]} h5 {[%emt 0:00:
18]} 23. Qe2 {[%emt 0:01:29]} g6 {[%emt 0:00:04]} 24. e4 {[%emt 0:00:48]} fxe4
{[%emt 0:00:20]} 25. f5 {[%emt 0:00:39]} Rxd4 {[%emt 0:00:36]} 26. fxg6 {
[%emt 0:02:34]} Rxd1 {[%emt 0:00:04]} 27. gxf7+ {[%emt 0:00:02]} Kg7 {[%emt 0:
00:01]} 28. Qxd1 {[%emt 0:00:12]} Rh8 {[%emt 0:00:06]} 29. Qe1 {[%emt 0:00:29]}
Kf8 {[%emt 0:01:08]} 30. Qg3 {[%emt 0:00:09]} d4 {[%emt 0:00:04]} 31. Qf4 {
[%emt 0:00:58]} e3 {[%emt 0:00:03]} 32. Bxd4 {[%emt 0:00:08]} e2 {[%emt 0:00:
02]} 33. Re1 {[%emt 0:00:47]} Rh7 {[%emt 0:00:02]} 34. Rxe2 {[%emt 0:00:21]}
Bg5 {[%emt 0:00:23]} 35. Bc5+ {[%emt 0:00:36]} Be7 {[%emt 0:00:02]} 36. Rd2 {
[%emt 0:00:04]} Rxf7 {[%emt 0:00:11]} 37. Qxf7+ {[%emt 0:00:04]} 1-0

[Event "European Rapid Championship 2021"]
[Site "Katowice"]
[Date "2021.12.19"]
[Round "8.30"]
[White "Semjonovs, Ilja"]
[Black "Vingris, Mikelis"]
[Result "1-0"]
[WhiteElo "2383"]
[BlackElo "1904"]
[Annotator "NA"]
[PlyCount "105"]
[EventDate "2021.12.18"]
[EventType "swiss"]
[EventCountry "POL"]
[SourceTitle "playchess.com"]
[Source "ChessBase"]
[SourceQuality "1"]
[TimeControl "900+10"]

1. d4 {[%emt 0:00:34]} Nf6 {[%emt 0:00:01]} 2. Nf3 {[%emt 0:00:03]} c5 3. c3 {
[%emt 0:00:03]} d5 {[%emt 0:00:03]} 4. Bg5 {[%emt 0:00:06]} Nc6 {[%emt 0:00:04]
} 5. e3 {[%emt 0:00:03]} Qb6 {[%emt 0:00:39]} 6. Qb3 {[%emt 0:01:19]} c4 {
[%emt 0:00:07]} 7. Qc2 {[%emt 0:00:30]} Bf5 {[%emt 0:00:33]} 8. Qc1 {[%emt 0:
01:46]} e6 {[%emt 0:00:04]} 9. Nbd2 {[%emt 0:00:04]} Be7 {[%emt 0:00:44]} 10.
b3 {[%emt 0:00:19]} cxb3 {[%emt 0:00:05]} 11. axb3 {[%emt 0:00:01]} O-O {
[%emt 0:00:16]} 12. Be2 {[%emt 0:00:14]} Rfc8 {[%emt 0:00:06]} 13. Qb2 {
[%emt 0:00:43]} Nb4 {[%emt 0:04:11]} 14. O-O {[%emt 0:02:59]} Nd3 {[%emt 0:00:
20]} 15. Bxd3 {[%emt 0:00:08]} Bxd3 {[%emt 0:00:01]} 16. Rfc1 {[%emt 0:00:03]}
h6 {[%emt 0:00:42]} 17. Ne5 {[%emt 0:01:04]} Bf5 {[%emt 0:00:23]} 18. Nd7 {
[%emt 0:02:01]} Nxd7 {[%emt 0:03:20]} 19. Bxe7 {[%emt 0:00:03]} e5 {[%emt 0:00:
04]} 20. Qa3 {[%emt 0:02:49]} Rc6 {[%emt 0:01:06]} 21. Nf3 {[%emt 0:00:56]}
Rac8 {[%emt 0:01:50]} 22. Bb4 {[%emt 0:01:03]} f6 {[%emt 0:02:08]} 23. h3 {
[%emt 0:00:42]} a6 {[%emt 0:00:28]} 24. Nd2 {[%emt 0:00:43]} Bd3 {[%emt 0:00:
50]} 25. Qb2 {[%emt 0:00:50]} Qd8 {[%emt 0:00:14]} 26. Ra5 {[%emt 0:00:07]} Bb5
{[%emt 0:00:37]} 27. Raa1 Qe8 {[%emt 0:00:16]} 28. Qa2 {[%emt 0:00:22]} Bd3 {
[%emt 0:00:09]} 29. c4 {[%emt 0:00:04]} exd4 {[%emt 0:00:14]} 30. exd4 {
[%emt 0:00:01]} b5 {[%emt 0:00:17]} 31. c5 {[%emt 0:00:12]} Nf8 {[%emt 0:00:06]
} 32. Re1 {[%emt 0:00:03]} Qf7 {[%emt 0:00:04]} 33. Re3 {[%emt 0:00:14]} Bf5 {
[%emt 0:00:14]} 34. Rae1 {[%emt 0:00:10]} Ne6 {[%emt 0:00:05]} 35. Qb2 {
[%emt 0:00:08]} Nf4 {[%emt 0:00:16]} 36. Qc3 {[%emt 0:00:02]} Re6 {[%emt 0:00:
12]} 37. Rxe6 {[%emt 0:00:12]} Bxe6 {[%emt 0:00:12]} 38. Qe3 {[%emt 0:00:36]}
g5 {[%emt 0:00:11]} 39. Nf1 {[%emt 0:00:03]} Qh5 {[%emt 0:00:08]} 40. Ng3 {
[%emt 0:00:06]} Qg6 {[%emt 0:00:14]} 41. Ne2 {[%emt 0:00:07]} Nxe2+ {[%emt 0:
00:10]} 42. Qxe2 {[%emt 0:00:12]} Rc6 {[%emt 0:00:01]} 43. Ba5 {[%emt 0:00:19]}
Kf7 {[%emt 0:00:08]} 44. Bb6 {[%emt 0:00:04]} g4 {[%emt 0:00:21]} 45. hxg4 {
[%emt 0:00:16]} Qxg4 {[%emt 0:00:01]} 46. Qa2 {[%emt 0:00:11]} Qxd4 {[%emt 0:
00:08]} 47. Qxa6 {[%emt 0:00:05]} Qc3 {[%emt 0:00:24]} 48. Qb7+ {[%emt 0:00:09]
} Kg6 {[%emt 0:00:05]} 49. Re3 {[%emt 0:00:16]} Qc1+ {[%emt 0:00:01]} 50. Kh2 {
[%emt 0:00:00]} d4 {[%emt 0:00:01]} 51. Rg3+ {[%emt 0:00:03]} Kf5 {[%emt 0:00:
24]} 52. Qxc6 {[%emt 0:00:02]} Qd2 {[%emt 0:00:20]} 53. Rf3+ {[%emt 0:00:06]}
1-0